000 01651nam a2200325 a 4500
001 79883
003 BD-RjUL
005 20220530153703.0
008 220530s1998 ua ||| | ara d
035 _a(BD-RjUL) 79883
040 _aHAI
_beng
_cBD-RjUL
_dBD-RjUL
041 0 _aara
082 _223
_a929.1
_bIBQ 1998
100 1 _aابن عبد البر النمري، يوسف بن عبد الله،[Ibn Abdul-Barr Al-Nimri, Yusuf bin Abdullah,]
_d979-1071
_93306
245 1 2 _aالقصد والامم ؛ الانباه على قبائل الرواه /alqasd walamam ; alianibah ealaa qabayil alrawah /
_c[liabn eabd albiri ; taqdim watahqiq wataeliq muhamad zayanuhum muhamad eazb, eayishat altahami, madihat alsharqawin ] لابن عبد البر ؛ تقديم وتحقيق وتعليق محمد زينهم محمد عزب، عائشة التهامي، مديحة الشرقاوي
246 3 3 _aالقصد والامم
246 3 3 _aالانباه على قبائل الرواه
260 _aالقاهرة :
_bمكتبة القدسي ,
_c١٤١٨ه، ١٩٩٨م
300 _a152 ص. ؛
_c٢٤ س.
490 1 _aمن تراث الانساب (مكتبة مدبولي) ؛
_v٣
650 4 _aNames, Personal
_xArabic
_93307
650 4 _aArabs
_vGenealogy.
_93308
651 4 _aArabian Peninsula
_vGenealogy.
_93309
700 1 _aعزب، محمد زينهم محمد
_93310
700 1 _aالشرقاوي، مديحة
_93311
700 1 _aالتهامي، عائشة
_93312
830 0 _aمن تراث الانساب (مكتبة مدبولي)
830 0 _aمن تراث الانساب (مكتبة مدبولي) ؛
_v٣
942 _2ddc
_cBK
999 _c79883
_d79883